000
00315nam a2200145Ia 4500
100
_a
Sankar/ Krishna
942
_c
BK
654
_a
computer
245
_a
Java 1.2. Class Libraries Unleashed
260
_b
Techmedia
_c
1999
082
_a
005.133'J'
_b
SAN
300
_a
1244
546
_a
ENGLISH
999
_c
28404
_d
28404